Études Slaves et Est-Européennes / Slavic and East-European Studies
محفوظ في:
التنسيق: دورية
اللغة: Undetermined
منشور في:
JSTOR
Canadian Association of Slavists
الموضوعات:
الوصول للمادة أونلاين: Login to view Source
الوسوم: إضافة وسم
لا توجد وسوم, كن أول من يضع وسما على هذه التسجيلة!
رقم الطلب:
| LEADER | 00546nas a2200157Ia 4500 | ||
|---|---|---|---|
| 008 | 220214c99999999xx |||||||||||| ||und|| | ||
| 022 | |a 0014-2190 | ||
| 245 | 0 | 0 | |a Études Slaves et Est-Européennes / Slavic and East-European Studies |
| 264 | 1 | |b JSTOR | |
| 264 | 1 | |b Canadian Association of Slavists | |
| 362 | 0 | |a Vol. 1(1956)-20/21 (1975) | |
| 653 | 1 | 0 | |a Slavic Studies |
| 856 | 4 | 0 | |u https://www.jstor.org/journal/etudslavesteuro |
| 942 | |c JL | ||
| 952 | |0 0 |1 0 |4 0 |7 1 |9 34899 |a JSR |b JSR |d 2022-02-14 |l 0 |r 2022-02-14 00:00:00 |w 2022-02-14 |y JL | ||
| 999 | |c 43232 |d 43232 | ||
